Estatísticas para Você consegue nomear todos os personagens de Genshin Impact?

Clique aqui para jogar o quiz

Estatísticas Gerais

  • Esse quiz foi jogado 89 vezes
  • A pontuação média é 13 de 19

Estatísticas das Respostas

MondstadtLiyueInazumaSumero% Correto
KaeyaXiaoSayu
89%
LisaXinyanYae Miko
89%
DilucNingguangKazuhaKusanali
82%
Venti
82%
AmberGanyuGorouCyno
80%
BennettKequingIttoDori
78%
JeanXianglingRaiden Shogun
78%
AlbedoChongyunAyatoColei
76%
DionaQiqiKokomiNilou
71%
KleeXingqiuThoma
71%
MonaYanfeiYoimiya
69%
RazorYunjin
69%
FischlTartaglia ChildeKuki Shinobu
67%
Sucrose
62%
BarbaraHutaoHeizouDehya
60%
EulaShenheKujou SaraTighnari
60%
NoelleYelan
56%
RosariaZhongli
47%
Lumine AetherBeidouAyakaAihatan
7%

Distribuição das Pontuações

Percentil de Números Respondidos

Porcentagem de Pessoas com Cada Pontuação

Sua Pontuação Histórica

Você não jogou esse quiz